La bilharziasis y otras enfermedades en R.D. / (Record no. 16730)
[ view plain ]
| 000 -CABECERA | |
|---|---|
| campo de control de longitud fija | 00716nam a2200229 a 4500 |
| 001 - NÚMERO DE CONTROL | |
| campo de control | 000017204 |
| 003 - IDENTIFICADOR DEL NÚMERO DE CONTROL | |
| campo de control | OSt |
| 005 - FECHA Y HORA DE LA ÚLTIMA TRANSACCIÓN | |
| campo de control | 20201027142629.0 |
| 008 - DATOS DE LONGITUD FIJA--INFORMACIÓN GENERAL | |
| campo de control de longitud fija | 100319s1976 dr c 000 0 spa d |
| 040 ## - FUENTE DE LA CATALOGACIÓN | |
| Centro catalogador/agencia de origen | DO-SdBNP |
| Lengua de catalogación | spa |
| Centro/agencia transcriptor | BNPHU |
| 082 ## - NÚMERO DE LA CLASIFICACIÓN DECIMAL DEWEY | |
| Número de clasificación | xxx |
| Número de documento/Ítem | P792b |
| 100 1# - ENTRADA PRINCIPAL--NOMBRE DE PERSONA | |
| Nombre de persona | Ponce Pinedo, Ángel M. |
| 9 (RLIN) | 37850 |
| 245 13 - MENCIÓN DE TÍTULO | |
| Título | La bilharziasis y otras enfermedades en R.D. / |
| Mención de responsabilidad, etc. | Ángel M. Ponce Pinedo ; liminar José Hazim |
| 260 ## - PUBLICACIÓN, DISTRIBUCIÓN, ETC. | |
| Lugar de publicación, distribución, etc. | San Pedro de Macorís : |
| Nombre del editor, distribuidor, etc. | UCE, |
| Fecha de publicación, distribución, etc. | 1976. |
| 300 ## - DESCRIPCIÓN FÍSICA | |
| Extensión | 161 P. : |
| Otras características físicas | retr. |
| Dimensiones | 23 cm. |
| 490 1# - MENCIÓN DE SERIE | |
| Mención de serie | Científica |
| Designación de volumen o secuencia | 1 |
| 504 ## - NOTA DE BIBLIOGRAFÍA, ETC. | |
| Nota de bibliografía, etc. | Incluye referencias bibliográficas |
| 590 ## - NOTA LOCAL (RLIN) | |
| Nota local | Inventariado, 2020/ YL |
| 700 12 - PUNTO DE ACCESO ADICIONAL--NOMBRE DE PERSONA | |
| Nombre de persona | Hazim, José |
| Término indicativo de función/relación | lim. |
| 9 (RLIN) | 77047 |
| 830 #0 - PUNTO DE ACCESO ADICIONAL DE SERIE-TÍTULO UNIFORME | |
| Título uniforme | Científica |
| Número de parte o sección de la obra | 1 |
| 9 (RLIN) | 37851 |
| 942 ## - ELEMENTOS DE PUNTO DE ACCESO ADICIONAL (KOHA) | |
| Fuente del sistema de clasificación o colocación | Dewey Decimal Classification |
| Tipo de ítem Koha | Libro |
| Estado de retiro | Estado de pérdida | Fuente del sistema de clasificación o colocación | Restricciones de uso | No para préstamo | Código de colección | Localización permanente | Ubicación/localización actual | Ubicación en estantería | Fecha de adquisición | Número de inventario | Total de préstamos | Signatura topográfica completa | Código de barras | Fecha visto por última vez | Precio válido a partir de | Tipo de ítem Koha | Número de copia | Fuente de adquisición |
|---|---|---|---|---|---|---|---|---|---|---|---|---|---|---|---|---|---|---|
| Dewey Decimal Classification | Excluido de préstamo | Excluido de préstamo | Patrimonio Dominicano | Patrimonio Dominicano | Patrimonio Dominicano | En catalogación | 19.03.2010 | LF1 | xxx P792b | 17204-10 | 25.06.2020 | 25.06.2020 | Libro y Folleto Colección Patrimonio Dominicano | |||||
| Dewey Decimal Classification | Excluido de préstamo | Excluido de préstamo | Patrimonio Dominicano | Patrimonio Dominicano | Patrimonio Dominicano | En catalogación | 30.09.2010 | LF1 | xxx P792b | 17204-20 | 25.06.2020 | 25.06.2020 | Libro y Folleto Colección Patrimonio Dominicano | e. 2 | ||||
| Dewey Decimal Classification | Préstamo en sala | Préstamo en sala | Dominicana de Servicio | Patrimonio Dominicano | Patrimonio Dominicano | En catalogación | 30.09.2013 | LF1 | xxx P792b | 2020-0237 | 27.10.2020 | 25.06.2020 | Libro y Folleto Colección Dominicana de Servicio | e. 3 | Flia. Reyes Duluc | |||
| Dewey Decimal Classification | Préstamo en sala | Préstamo en sala | Dominicana de Servicio | Patrimonio Dominicano | Patrimonio Dominicano | En catalogación | 27.10.2020 | LF1 | xxx P792b | 2020-0238 | 27.10.2020 | 25.06.2020 | Libro y Folleto Colección Dominicana de Servicio | e. 4 | ||||
| Dewey Decimal Classification | Préstamo en sala | Préstamo en sala | Dominicana de Servicio | Patrimonio Dominicano | Patrimonio Dominicano | En catalogación | 27.10.2020 | LF1 | xxx P792b | 2020-0239 | 27.10.2020 | 25.06.2020 | Libro y Folleto Colección Dominicana de Servicio | e. 5 |
